000 00281nam a22001337a 4500
008 170323b xxu||||| |||| 00| 0 eng d
020 _a9780691024776
041 _aeng
080 _a616.9
100 _a8
101 _aSHM
245 _aHISTORY AIDS
_cGRMEK.M.D
942 _2udc
_cBK
999 _c8464
_d8464